| 000 | 00356nam a22001337a 4500 | ||
|---|---|---|---|
| 020 | _a1585031135 | ||
| 040 | _cNUST | ||
| 082 | _a620.0042 TOO-P | ||
| 100 |
_aToogood, Roger _958576 |
||
| 245 |
_aPro/ENGINEER Wildfire : _bTutorial and Multimedia CD |
||
| 260 |
_aUSA: _bSDC Publisher, _c2003. |
||
| 650 |
_aPro/ENGINEER Wildfire _958577 |
||
| 942 |
_2ddc _cBK |
||
| 999 |
_c595488 _d595488 |
||